000 00496nam a2200181Ia 4500
005 20250326124359.0
008 250326s9999 xx 000 0 und d
037 _aTextbook
040 _aFMSL
_beng
_cFMSL
041 _aeng
_2eng
084 _aX:77 K6
_qFMSL
100 _aAiyar C P R
_9737312
245 0 _aEconomic development: issues and policies
_cAiyar C P R
260 _aBombay
_bBombay, Vora
_c1966
300 _a293p
942 _cTB
_hX:77 K6
999 _c1273491
_d1273491